Mathematical Methods (Record no. 6410)
[ view plain ]
| 000 -LEADER | |
|---|---|
| fixed length control field | 00602nam a22002177a 4500 |
| 003 - CONTROL NUMBER IDENTIFIER | |
| control field | BUBTL |
| 008 - FIXED-LENGTH DATA ELEMENTS--GENERAL INFORMATION | |
| fixed length control field | 201105b xxu||||| |||| 00| 0 eng d |
| 020 ## - INTERNATIONAL STANDARD BOOK NUMBER | |
| International Standard Book Number | 978-81-317-2598-6 |
| 082 ## - DEWEY DECIMAL CLASSIFICATION NUMBER | |
| Classification number | 511.8/RUM |
| 100 ## - MAIN ENTRY--PERSONAL NAME | |
| Personal name | Rukmangadachari, E. |
| 9 (RLIN) | 3713 |
| 245 ## - TITLE STATEMENT | |
| Title | Mathematical Methods |
| Remainder of title | E. Rukmangadachari |
| 250 ## - EDITION STATEMENT | |
| Edition statement | 1st |
| 260 ## - PUBLICATION, DISTRIBUTION, ETC. (IMPRINT) | |
| Place of publication, distribution, etc. | New Delhi |
| Name of publisher, distributor, etc. | Pearson |
| Date of publication, distribution, etc. | c2010 |
| 300 ## - PHYSICAL DESCRIPTION | |
| Extent | [viii] , A-85p . : |
| Other physical details | ill . ; 24cm. |
| 500 ## - GENERAL NOTE | |
| General note | Includes Index |
| 650 ## - SUBJECT ADDED ENTRY--TOPICAL TERM | |
| Topical term or geographic name as entry element | Mathematics |
| 9 (RLIN) | 3714 |
| 700 ## - ADDED ENTRY--PERSONAL NAME | |
| Personal name | E. Rukmangadachari |
| 9 (RLIN) | 3715 |
| 856 ## - ELECTRONIC LOCATION AND ACCESS | |
| Password | 0 |
| Logon | 0 |
| Link text | Download |
| 942 ## - ADDED ENTRY ELEMENTS (KOHA) | |
| Source of classification or shelving scheme | |
| Koha item type | Books |
| Withdrawn status | Lost status | Source of classification or shelving scheme | Damaged status | Not for loan | Collection code | Permanent location | Current location | Shelving location | Date acquired | Inventory number | Total Checkouts | Full call number | Barcode | Date last seen | Copy number | Price effective from | Koha item type | Date last checked out |
|---|---|---|---|---|---|---|---|---|---|---|---|---|---|---|---|---|---|---|
| Non-fiction | Bangladesh University of Business and Technology Library | Bangladesh University of Business and Technology Library | Mathematics Stacks | 11/05/2020 | 17231 | 511.8/RUM | BUBTL-200317231 | 11/05/2020 | C-1 | 11/05/2020 | Books | |||||||
| Non-fiction | Bangladesh University of Business and Technology Library | Bangladesh University of Business and Technology Library | Mathematics Stacks | 11/05/2020 | 17232 | 1 | 511.8/RUM | BUBTL-200317232 | 06/22/2023 | C-2 | 11/05/2020 | Books | 06/08/2023 |
